000 00759cam a2200289 4500
001 J89203
008 090401t1998 xxu||||| |||| 00| 0 eng d
035 _a(Sirsi) u83608
041 _aeng
050 _a333.33016
110 _aRichard Ellis
_91875
245 _aRichard Ellis monthly index. - January - December 1998
260 _aLondon
_bRichard Ellis
_c1998
300 _a12 pt. ; 30cm.
350 _a0
650 _aCAPITAL VALUES
650 _aINDUSTRIAL PROPERTY
650 _aOFFICES
650 _aPROPERTY INDEXES
650 _aRENT
650 _aRETAIL PROPERTY
650 _aSHOPS
650 _aYIELDS
690 _aPROPERTY-COMMERCIAL PROPERTY-COMMERCIAL PROPERTY FINANCE AND INVESTMENT
942 _n0
948 _c09/02/1998
999 _c96911
_d96911